000 00197nam a2200073Ia 4500
008 170817s9999 xx 000 0 und d
100 _aVerma. J.P.
245 0 _aShekshik Prabandhan
260 _bRajisthan Hindi Granth Akadhmi Jaypur
999 _c39833
_d39833